000
00258nam a2200109Ia 4500
008
191206s9999 xx 000 0 und d
020
_a
198571739
090
_a
QL605
245
4
_a
The life of invertebrates
260
_a
Oxford universty ress
260
_c
c1981
999
_c
17078
_d
17078